| 000 | 00340nam a22001337a 4500 | ||
|---|---|---|---|
| 020 | _a9788121926164 | ||
| 040 | _cNust | ||
| 082 |
_a620.103 _bKHU |
||
| 100 |
_aKhurmi.. S. R _9109246 |
||
| 245 | _aEngineering Mechanics | ||
| 260 |
_aNew Delhi: _bS.Chand & Company Ltd, _c2012. |
||
| 650 |
_aEngineering Mechanics _959741 |
||
| 942 |
_2ddc _cBK |
||
| 999 |
_c610128 _d610128 |
||